RCD Mallorca Squad 2025-2026 - Statistics

General Stats
  • This quiz has been taken 122 times
    34 since last reset
  • The average score is 21 of 31
Answer Stats
# Position Nation Player % Correct
22 DF Colombia Johan Mojica
100%
7 FW Kosovo Vedat Muriqi
100%
4 DF Albania Marash Kumbulla
95%
1 GK Spain Leo Román
89%
24 DF Slovakia Martin Valjent
89%
20 MF Spain Pablo Torre
89%
12 MF Portugal Samú Costa
89%
10 MF Spain Sergi Darder
89%
6 MF Spain Antonio Sánchez
84%
- Coach Spain Jagoba Arrasate
84%
5 MF Equatorial Guinea Omar Mascarell
84%
23 DF Argentina Pablo Maffeo
84%
11 FW Japan Takuma Asano
84%
21 DF Spain Antonio Raíllo
79%
29 FW Spain Jan Virgili
79%
- Coach Argentina Martín Demichelis
79%
25 GK Finland Lucas Bergström
68%
2 DF Spain Mateu Morey
68%
3 DF Spain Toni Lato
68%
15 FW Angola Zito Luvumbo
68%
9 FW Spain Abdón Prats
58%
27 DF Spain David López
58%
8 MF Spain Manu Morlanes
58%
14 MF Spain Dani Rodríguez
47%
13 GK Spain Iván Cuéllar
47%
30 FW Spain Marc Domènech
42%
18 FW Spain Mateo Joseph
42%
19 FW Spain Javi Llabrés
37%
30 FW France Justin Kalumba
21%
41 MF Spain Jan Salas
16%
- Coach Argentina Gustavo Siviero
5%
No matching quizzes found
Score Distribution
Percent of People with Each Score
Percentile by Number Answered
Your Score History
You have not taken this quiz since the last reset